[Event "Titled Tuesday intern op 23rd Apr Late"]
[Site "Chess.com INT"]
[Date "2024.04.23"]
[Round "5"]
[White "Antunes, Luciano Justi"]
[Black "Venkatesh, Narayan"]
[Result "0-1"]
[WhiteElo "2045"]
[BlackElo "2033"]
[PlyCount "108"]
[EventDate "2024.04.23"]
[EventType "swiss (blitz)"]
[EventRounds "11"]
[EventCountry "USA"]
[SourceTitle "CB18_2024"]
[SourceDate "2024.05.01"]
[SourceVersion "1"]
[SourceVersionDate "2024.05.01"]
[SourceQuality "2"]

1. e4 c5 2. Nf3 d6 3. Bb5+ Bd7 4. Bxd7+ Qxd7 5. 0-0 Nf6 6. Re1 Nc6 7. h3 g6 8. c3 e5 9. d4 cxd4 10. cxd4 exd4 11. Nxd4 Bg7 12. Nb5 Rd8 13. Bf4 0-0 14. Qxd6 Qxd6 15. Bxd6 Rfe8 16. e5 Nd7 17. Nc7 Bxe5 18. Nxe8 Bxb2 19. Bc7 Rc8 20. Na3 Bxa1 21. Nb5 Bh8 22. Nbd6 Ra8 23. Nxb7 Nde5 24. Ned6 Bg7 25. f4 Nd3 26. Re8+ Rxe8 27. Nxe8 Bd4+ 28. Kh2 Kf8 29. Ned6 Nxf4 30. Nxf7 Ne6 31. Nh6 Nxc7 32. Ng4 Ke7 33. g3 Nb5 34. Kg2 Kd7 35. a4 Nc3 36. a5 Kc7 37. a6 Ne2 38. Kf3 Nc1 39. Ke4 Nb3 40. Kd5 Bb6 41. Ne5 Nxe5 42. Kxe5 Nd4 43. Nd6 Nf3+ 44. Kd5 Ng5 45. h4 Nf3 46. Nb5+ Kd7 47. Nd6 Nd4 48. Ne4 Ne2 49. Nf6+ Ke7 50. Nxh7 Nxg3 51. Ng5 Nf5 52. Nf3 Bf2 53. h5 gxh5 54. Ke5 Nh4 0-1

[Event "Titled Tuesday intern op 23rd Apr Late"]
[Site "Chess.com INT"]
[Date "2024.04.23"]
[Round "1"]
[White "Vanczak, Tamas"]
[Black "Antunes, Luciano Justi"]
[Result "1-0"]
[WhiteElo "2424"]
[BlackElo "2045"]
[PlyCount "89"]
[EventDate "2024.04.23"]
[EventType "swiss (blitz)"]
[EventRounds "11"]
[EventCountry "USA"]
[SourceTitle "CB18_2024"]
[SourceDate "2024.05.01"]
[SourceVersion "1"]
[SourceVersionDate "2024.05.01"]
[SourceQuality "2"]

1. d4 Nf6 2. Bg5 Ne4 3. h4 h6 4. Bf4 d5 5. Nd2 Nxd2 6. Qxd2 c5 7. e3 Nc6 8. Nf3 Bg4 9. c3 e6 10. Ne5 Nxe5 11. Bxe5 a6 12. f3 Bf5 13. g4 Bh7 14. Bd3 Bxd3 15. Qxd3 cxd4 16. cxd4 Bb4+ 17. Ke2 0-0 18. Rag1 Bd6 19. h5 Bxe5 20. dxe5 Qc7 21. f4 Rac8 22. g5 hxg5 23. Rxg5 Qc2+ 24. Qxc2 Rxc2+ 25. Kd3 Rc7 26. Rhg1 f6 27. Rg6 Kh7 28. h6 gxh6 29. exf6 Rcf7 30. Kd4 b6 31. Ke5 Re8 32. Rg7+ Rxg7 33. Rxg7+ Kh8 34. Re7 Rf8 35. Kxe6 h5 36. Rg7 Re8+ 37. Kf7 Rxe3 38. Rg5 Rh3 39. Ke7 Re3+ 40. Re5 Rf3 41. f7 Rxf4 42. f8Q+ Rxf8 43. Kxf8 Kh7 44. Rxh5+ Kg6 45. Rxd5 1-0

[Event "Titled Tuesday intern op 16th Apr Late"]
[Site "Chess.com INT"]
[Date "2024.04.16"]
[Round "5"]
[White "Akhayan, Ruben"]
[Black "Antunes, Luciano Justi"]
[Result "1-0"]
[WhiteElo "2260"]
[BlackElo "2045"]
[PlyCount "105"]
[EventDate "2024.04.16"]
[EventType "swiss (blitz)"]
[EventRounds "11"]
[EventCountry "USA"]
[SourceTitle "CB17_2024"]
[SourceDate "2024.04.24"]
[SourceVersion "1"]
[SourceVersionDate "2024.04.24"]
[SourceQuality "1"]

1. e4 c5 2. Nf3 Nc6 3. Nc3 a6 4. d4 cxd4 5. Nxd4 e5 6. Nf5 d6 7. Bc4 Be6 8. Bb3 g6 9. Ne3 Nd4 10. Ncd5 Nxb3 11. axb3 Nf6 12. Nxf6+ Qxf6 13. Nd5 Qd8 14. Be3 Bxd5 15. Qxd5 Qc7 16. 0-0 Be7 17. Bh6 Rc8 18. Kh1 Qc6 19. Qa5 g5 20. Qd2 f5 21. Bxg5 Qxe4 22. Bxe7 Kxe7 23. Qg5+ Ke6 24. Rae1 Qg4 25. Qh6+ Qg6 26. Qd2 Rhg8 27. Rg1 Rc6 28. c4 b5 29. Qd5+ Kd7 30. cxb5 axb5 31. Qxb5 Rgc8 32. Rd1 R8c7 33. Qxe5 Kc8 34. Qe2 Rc2 35. Qa6+ Kd7 36. Qb5+ Kc8 37. Ra1 R2c6 38. Ra8+ Kd7 39. Qb8 Rc8 40. Qb7+ R8c7 41. Qb5 f4 42. Rc1 f3 43. gxf3 Qf6 44. Kg2 Qg6+ 45. Kf1 Qe6 46. Rxc6 Qh3+ 47. Ke2 Qe6+ 48. Kd1 Rxc6 49. Ra7+ Kd8 50. Qxc6 Qxb3+ 51. Qc2 Qd5+ 52. Qd2 Qxf3+ 53. Ke1 1-0

[Event "Titled Tuesday intern op 16th Jan Late"]
[Site "Chess.com INT"]
[Date "2024.01.16"]
[Round "5"]
[White "Figorito, Nick"]
[Black "Antunes, Luciano Justi"]
[Result "1-0"]
[WhiteElo "2036"]
[BlackElo "2045"]
[PlyCount "81"]
[EventDate "2024.01.16"]
[EventType "swiss (blitz)"]
[EventRounds "11"]
[EventCountry "USA"]
[SourceTitle "CB04_2024"]
[SourceDate "2023.10.16"]
[SourceVersion "1"]
[SourceVersionDate "2023.10.16"]
[SourceQuality "1"]

1. Nf3 Nf6 2. g3 g6 3. Bg2 Bg7 4. 0-0 0-0 5. c4 d6 6. Nc3 c5 7. d3 Nc6 8. Rb1 Bd7 9. a3 a5 10. Ne1 Rc8 11. Nc2 b6 12. b4 axb4 13. axb4 Nd4 14. e3 Nxc2 15. Qxc2 Bc6 16. e4 Ng4 17. b5 Bb7 18. Bh3 f5 19. exf5 gxf5 20. Bg2 Bxg2 21. Kxg2 Qd7 22. Nd5 e6 23. Nf4 Be5 24. f3 Bxf4 25. Bxf4 Nf6 26. Ra1 Ra8 27. Qe2 e5 28. Bh6 Rfe8 29. Bg5 Qe6 30. Qb2 Nd7 31. Rxa8 Rxa8 32. Ra1 Qe8 33. Ra6 Rxa6 34. bxa6 Qb8 35. Qb5 Qc7 36. Bh6 Kf7 37. Qa4 Qa7 38. Qc6 Ke6 39. Qd5+ Ke7 40. Bg5+ Ke8 41. Qe6+ 1-0

[Event "Titled Tuesday intern op 21st Mar Early"]
[Site "Chess.com INT"]
[Date "2023.03.21"]
[Round "9"]
[White "Vargas, Mauricio"]
[Black "Antunes, Luciano Justi"]
[Result "0-1"]
[WhiteElo "2056"]
[BlackElo "2045"]
[PlyCount "62"]
[EventDate "2023.03.21"]
[EventType "swiss (blitz)"]
[EventRounds "11"]
[EventCountry "USA"]
[SourceTitle "EXT 2024"]
[Source "ChessBase"]
[SourceDate "2023.10.10"]
[SourceVersion "1"]
[SourceVersionDate "2023.10.10"]
[SourceQuality "1"]

1. e4 c5 2. Nc3 Nc6 3. f4 g6 4. Nf3 Bg7 5. Bb5 Nd4 6. Bf1 a6 7. g3 d6 8. Bg2 Bg4 9. 0-0 Nf6 10. h3 Nxf3+ 11. Bxf3 Bxh3 12. g4 Bxf1 13. Qxf1 h5 14. g5 Ng4 15. d3 Bd4+ 16. Kg2 Ne3+ 17. Bxe3 Bxe3 18. Be2 h4 19. f5 h3+ 20. Kh1 Bxg5 21. fxg6 fxg6 22. Bg4 e6 23. Bxe6 Qe7 24. Bd5 0-0-0 25. Qg1 Rdf8 26. Qg4+ Kb8 27. Rg1 Be3 28. Re1 Bd4 29. Bc4 Qh4 30. Qd1 Qg3 31. Nd5 Qg2# 0-1

[Event "Titled Tuesday intern op 20th Dec Early"]
[Site "Chess.com INT"]
[Date "2022.12.20"]
[Round "8"]
[White "Ciuffoletti, Paolo"]
[Black "Antunes, Luciano Justi"]
[Result "1-0"]
[WhiteElo "2106"]
[BlackElo "2045"]
[PlyCount "65"]
[EventDate "2022.12.20"]
[EventType "swiss (blitz)"]
[EventRounds "11"]
[EventCountry "USA"]
[SourceTitle "EXT 2024"]
[Source "ChessBase"]
[SourceDate "2023.10.10"]
[SourceVersion "1"]
[SourceVersionDate "2023.10.10"]
[SourceQuality "1"]

1. e4 c5 2. d4 cxd4 3. c3 d5 4. exd5 Qxd5 5. cxd4 e6 6. Nf3 Nf6 7. Nc3 Qd8 8. Bd3 Be7 9. 0-0 0-0 10. Qe2 b6 11. Be4 Ba6 12. Qc2 Nxe4 13. Qxe4 Nd7 14. Rd1 Nf6 15. Qh4 Nd5 16. Qg3 Re8 17. Bh6 Bf8 18. Ne4 f5 19. Nc3 Rc8 20. Ne5 Nxc3 21. bxc3 Qf6 22. Bg5 Be7 23. Bxf6 Bxf6 24. Nd7 Be7 25. Ne5 Bf6 26. Rac1 Red8 27. Nf3 Bb7 28. h4 h6 29. Ne5 Bd5 30. c4 Be4 31. f3 Bb7 32. Qg6 Rc7 33. Qg3 1-0

[Event "Titled Tuesday intern op 20th Dec Early"]
[Site "Chess.com INT"]
[Date "2022.12.20"]
[Round "9"]
[White "Novikova, Galina"]
[Black "Antunes, Luciano Justi"]
[Result "1-0"]
[WhiteElo "2073"]
[BlackElo "2045"]
[PlyCount "73"]
[EventDate "2022.12.20"]
[EventType "swiss (blitz)"]
[EventRounds "11"]
[EventCountry "USA"]
[SourceTitle "EXT 2024"]
[Source "ChessBase"]
[SourceDate "2023.10.10"]
[SourceVersion "1"]
[SourceVersionDate "2023.10.10"]
[SourceQuality "1"]

1. d4 Nf6 2. Nc3 d5 3. Bf4 c6 4. e3 Bf5 5. f3 e6 6. g4 Bg6 7. h4 h6 8. Bd3 Bxd3 9. Qxd3 Bd6 10. Nge2 Bxf4 11. Nxf4 Nbd7 12. 0-0-0 e5 13. dxe5 Nxe5 14. Qf5 Qe7 15. g5 Nfd7 16. g6 0-0-0 17. gxf7 Qxf7 18. Qxf7 Nxf7 19. e4 dxe4 20. Nxe4 Nde5 21. Rdf1 g5 22. Ne6 Rde8 23. Ng7 Reg8 24. Nf5 Re8 25. hxg5 hxg5 26. Nfd6+ Kd7 27. Nxe8 Rxe8 28. Nf6+ Ke7 29. Nxe8 Kxe8 30. f4 gxf4 31. Rxf4 Ke7 32. a3 Ke6 33. Re1 b5 34. Kb1 a5 35. Rh4 a4 36. Rd1 Nd6 37. Rh6+ 1-0

[Event "Florianopolis op 6th"]
[Site "Florianopolis"]
[Date "2020.01.26"]
[Round "10"]
[White "Zuriel, Marisa"]
[Black "Antunes, Luciano Justi"]
[Result "1/2-1/2"]
[WhiteElo "2178"]
[BlackElo "2061"]
[PlyCount "47"]
[EventDate "2020.01.20"]
[EventType "swiss"]
[EventRounds "10"]
[EventCountry "BRA"]
[SourceTitle "CBM 194 Extra"]
[Source "ChessBase"]
[SourceDate "2020.03.31"]
[SourceVersion "1"]
[SourceVersionDate "2020.03.31"]
[SourceQuality "1"]

1. e4 c5 2. Nf3 d6 3. d4 cxd4 4. Nxd4 Nf6 5. Nc3 a6 6. f4 e6 7. Be3 Qc7 8. Qf3 Nbd7 9. Bd3 b5 10. a3 Bb7 11. 0-0 Be7 12. Kh1 Nc5 13. Bd2 d5 14. e5 Nfe4 15. Be1 0-0 16. Qh5 Rfe8 17. Nd1 Qb6 18. Rf3 Nxd3 19. Rxd3 Rac8 20. c3 Bc5 21. Ne3 f5 22. exf6 Nxf6 23. Qh3 e5 24. fxe5 1/2-1/2

[Event "Florianopolis op 6th"]
[Site "Florianopolis"]
[Date "2020.01.25"]
[Round "8"]
[White "Peroza, Eduardo Antunes"]
[Black "Antunes, Luciano Justi"]
[Result "1/2-1/2"]
[WhiteElo "1712"]
[BlackElo "2061"]
[PlyCount "84"]
[EventDate "2020.01.20"]
[EventType "swiss"]
[EventRounds "10"]
[EventCountry "BRA"]
[SourceTitle "CBM 194 Extra"]
[Source "ChessBase"]
[SourceDate "2020.03.31"]
[SourceVersion "1"]
[SourceVersionDate "2020.03.31"]
[SourceQuality "1"]

1. e4 c5 2. Nf3 Nc6 3. d4 cxd4 4. Nxd4 Nf6 5. Nc3 e5 6. Ndb5 d6 7. Bg5 a6 8. Na3 b5 9. Nd5 Be7 10. Bxf6 Bxf6 11. c3 Ne7 12. Nc2 0-0 13. Nce3 Bg5 14. Nxe7+ Qxe7 15. Nd5 Qb7 16. g3 Be6 17. h4 Bxd5 18. Qxd5 Qxd5 19. exd5 Bd8 20. 0-0-0 Bb6 21. Rd2 f5 22. Bh3 Ra7 23. Re1 g6 24. f3 Kg7 25. Kc2 Rc7 26. a3 h6 27. Bf1 Bc5 28. Bd3 Kf6 29. Rh2 Rb8 30. g4 e4 31. g5+ hxg5 32. hxg5+ Ke5 33. fxe4 f4 34. Rf1 Rf7 35. Be2 Kxe4 36. Bd3+ Kxd5 37. Re2 Kc6 38. Bxg6 Rg7 39. Be4+ d5 40. Bd3 Be3 41. g6 Rh8 42. Rg2 Rh5 1/2-1/2

[Event "Florianopolis op 6th"]
[Site "Florianopolis"]
[Date "2020.01.21"]
[Round "2"]
[White "Campagnolo, Fabiola"]
[Black "Antunes, Luciano Justi"]
[Result "0-1"]
[WhiteElo "1801"]
[BlackElo "2061"]
[PlyCount "82"]
[EventDate "2020.01.20"]
[EventType "swiss"]
[EventRounds "10"]
[EventCountry "BRA"]
[SourceTitle "CBM 194 Extra"]
[Source "ChessBase"]
[SourceDate "2020.03.31"]
[SourceVersion "1"]
[SourceVersionDate "2020.03.31"]
[SourceQuality "1"]

1. d4 Nf6 2. c4 g6 3. Nc3 d5 4. e3 Bg7 5. Nf3 0-0 6. b3 c5 7. Bb2 cxd4 8. exd4 Nc6 9. Be2 Bg4 10. Ne5 Bxe2 11. Nxe2 Nxe5 12. dxe5 Ng4 13. Qxd5 Qxd5 14. cxd5 Nxe5 15. 0-0-0 Rac8+ 16. Kb1 Rfd8 17. h3 Nd7 18. Bxg7 Kxg7 19. Kb2 Nf6 20. Nc3 Rc5 21. Rhe1 Kf8 22. b4 Rc4 23. Kb3 Rdc8 24. Re3 a6 25. a4 Rf4 26. f3 Rcc4 27. b5 axb5 28. axb5 Rfd4 29. Red3 Rxd3 30. Rxd3 Rc8 31. d6 e6 32. Ne4 Nd5 33. Nc3 Rxc3+ 34. Rxc3 Nxc3 35. Kxc3 b6 36. Kd4 f6 37. g4 g5 38. Ke4 Ke8 39. f4 h6 40. f5 e5 41. Kd3 Kd7 0-1

[Event "Florianopolis op 3rd"]
[Site "Florianopolis"]
[Date "2017.01.26"]
[Round "10"]
[White "Torres, Eduardo Lisboa"]
[Black "Antunes, Luciano Justi"]
[Result "1/2-1/2"]
[WhiteElo "1929"]
[BlackElo "2123"]
[PlyCount "51"]
[EventDate "2017.01.20"]
[EventType "swiss"]
[EventRounds "10"]
[EventCountry "BRA"]
[SourceTitle "CBM 176 Extra"]
[Source "ChessBase"]
[SourceDate "2017.03.02"]
[SourceVersion "1"]
[SourceVersionDate "2017.03.02"]
[SourceQuality "1"]

1. d4 Nf6 2. c4 g6 3. f3 d5 4. cxd5 Nxd5 5. e4 Nb6 6. Nc3 Bg7 7. Be3 0-0 8. Qd2 Nc6 9. 0-0-0 e5 10. d5 Nd4 11. Nge2 Nc4 12. Qd3 Nxe3 13. Qxe3 Nxe2+ 14. Bxe2 a6 15. h4 h6 16. g4 Qd6 17. a3 Bd7 18. Kb1 b5 19. b4 Rfc8 20. g5 h5 21. Qc5 Bf8 22. Qxd6 Bxd6 23. Kb2 Rf8 24. Kb3 Rab8 25. Rdg1 Rfc8 26. Rc1 1/2-1/2

[Event "Florianopolis op 3rd"]
[Site "Florianopolis"]
[Date "2017.01.23"]
[Round "5"]
[White "Rodrigues, Natanael Isau Braz"]
[Black "Antunes, Luciano Justi"]
[Result "0-1"]
[WhiteElo "1780"]
[BlackElo "2123"]
[PlyCount "94"]
[EventDate "2017.01.20"]
[EventType "swiss"]
[EventRounds "10"]
[EventCountry "BRA"]
[SourceTitle "CBM 176 Extra"]
[Source "ChessBase"]
[SourceDate "2017.03.02"]
[SourceVersion "1"]
[SourceVersionDate "2017.03.02"]
[SourceQuality "1"]

1. e4 c5 2. Nf3 d6 3. d3 Nc6 4. Nbd2 g6 5. g3 Bg7 6. Bg2 Nf6 7. 0-0 0-0 8. Re1 Rb8 9. e5 Ng4 10. exd6 exd6 11. Nb3 Bf5 12. c3 Nce5 13. Nxe5 Nxe5 14. Be4 Bg4 15. f3 d5 16. d4 dxe4 17. dxe5 Qxd1 18. Rxd1 Bxf3 19. Rd7 Rfd8 20. Rxd8+ Rxd8 21. Bg5 Rc8 22. Bf4 Be2 23. Re1 Bd3 24. Nd2 h6 25. g4 g5 26. Bg3 Rd8 27. Nxe4 Bxe4 28. Rxe4 Rd2 29. Ra4 a6 30. b4 Rc2 31. Ra3 c4 32. Kf1 Rd2 33. Ke1 Rd3 34. Ke2 Bf8 35. Ra5 Rxc3 36. b5 Ra3 37. Rxa3 Bxa3 38. bxa6 bxa6 39. Ke3 Bb2 40. Kd2 Kf8 41. Kc2 Bd4 42. Kd2 Ke7 43. Ke2 Ke6 44. Be1 Kxe5 45. Bb4 Kf6 46. Bf8 Kg6 47. h3 h5 0-1

[Event "Florianopolis op 3rd"]
[Site "Florianopolis"]
[Date "2017.01.20"]
[Round "1"]
[White "Carneiro, Vitor Roberto Castr"]
[Black "Antunes, Luciano Justi"]
[Result "1-0"]
[WhiteElo "2426"]
[BlackElo "2123"]
[PlyCount "81"]
[EventDate "2017.01.20"]
[EventType "swiss"]
[EventRounds "10"]
[EventCountry "BRA"]
[SourceTitle "CBM 176 Extra"]
[Source "ChessBase"]
[SourceDate "2017.03.02"]
[SourceVersion "1"]
[SourceVersionDate "2017.03.02"]
[SourceQuality "1"]

1. c4 g6 2. Nc3 c5 3. g3 Bg7 4. Bg2 Nc6 5. a3 d6 6. Rb1 Bf5 7. d3 Nf6 8. b4 cxb4 9. axb4 0-0 10. b5 Na5 11. e4 Bd7 12. Nge2 Rb8 13. 0-0 Qc8 14. Ba3 b6 15. f4 Bh3 16. e5 Ne8 17. Nd5 Rb7 18. exd6 exd6 19. Bxh3 Qxh3 20. f5 Nf6 21. Nxf6+ Bxf6 22. Kh1 g5 23. Ng1 Qh6 24. Bc1 Qg7 25. Qh5 Re8 26. Nh3 h6 27. Nf2 Rbe7 28. Ng4 Re1 29. Nxh6+ Kf8 30. Ba3 Rxf1+ 31. Rxf1 Nb7 32. Ng4 Nc5 33. Nxf6 Qxf6 34. Bb2 Re5 35. Bxe5 dxe5 36. Qf3 Qd8 37. f6 Nxd3 38. Qh5 Ke8 39. Qh8+ Kd7 40. Qh7 Qa8+ 41. Kg1 1-0

[Event "Catarinense-ch"]
[Site "Itajai"]
[Date "2014.01.??"]
[Round "5"]
[White "Hille, Waltercler Jr"]
[Black "Antunes, Luciano Justi"]
[Result "0-1"]
[WhiteElo "1703"]
[BlackElo "2123"]
[PlyCount "84"]
[EventDate "2014.01.30"]
[EventType "swiss"]
[EventRounds "7"]
[EventCountry "BRA"]
[SourceTitle "EXT 2022"]
[Source "ChessBase"]
[SourceDate "2021.10.06"]
[SourceVersion "1"]
[SourceVersionDate "2021.10.06"]
[SourceQuality "1"]

1. c4 Nf6 2. Nc3 g6 3. Nf3 Bg7 4. d4 0-0 5. g3 d6 6. h3 Nc6 7. Bg2 Bf5 8. Nh4 Bd7 9. 0-0 a6 10. e4 Qc8 11. Kh2 Nxd4 12. Be3 Nc6 13. Qd2 Ne5 14. b3 Rb8 15. Rac1 c5 16. f4 Nc6 17. Nf3 b6 18. Rfe1 Rd8 19. Qe2 Ne8 20. Red1 Nc7 21. Bf2 Ne6 22. Nd5 Re8 23. e5 dxe5 24. Nxe5 Nxe5 25. fxe5 h5 26. Rd3 Ng5 27. h4 Bg4 28. Qe3 Ne6 29. Rf1 Nd4 30. Qf4 Nf5 31. Re1 Bh6 32. Qe4 Ng7 33. Ne3 Be6 34. Bg1 Nf5 35. Bh3 Nxg3 36. Bxe6 Nxe4 37. Bxc8 Rbxc8 38. Nd5 f5 39. exf6 Nxf6 40. Rxe7 Nxd5 41. Rxe8+ Rxe8 42. Rxd5 Kf7 0-1

[Event "Catarinense-ch"]
[Site "Itajai"]
[Date "2014.01.??"]
[Round "1"]
[White "Umetsubo, Cesar Hidemitsu"]
[Black "Antunes, Luciano Justi"]
[Result "1-0"]
[WhiteElo "2348"]
[BlackElo "2123"]
[PlyCount "95"]
[EventDate "2014.01.30"]
[EventType "swiss"]
[EventRounds "7"]
[EventCountry "BRA"]
[SourceTitle "EXT 2022"]
[Source "ChessBase"]
[SourceDate "2021.10.06"]
[SourceVersion "1"]
[SourceVersionDate "2021.10.06"]
[SourceQuality "1"]

1. d4 Nf6 2. Nf3 g6 3. Bf4 Bg7 4. e3 d6 5. h3 0-0 6. Be2 b6 7. 0-0 Bb7 8. c3 c5 9. Nbd2 Nc6 10. a4 a6 11. Bh2 cxd4 12. exd4 Nd5 13. Re1 Rc8 14. Bc4 Nc7 15. Bg3 Qd7 16. Ba2 b5 17. axb5 axb5 18. Qe2 Rce8 19. Qd3 Ra8 20. Ne4 h6 21. Bb3 Na5 22. Ba2 Bd5 23. Ned2 Kh7 24. Bh4 e6 25. b3 Nc6 26. Qc2 Ra7 27. Rad1 Rfa8 28. Bb1 Ne7 29. Bg3 Nf5 30. Bf4 Rc8 31. Qd3 Ra3 32. Bc2 Bxf3 33. Nxf3 Nd5 34. Bd2 Qc7 35. g4 Nfe7 36. Rc1 Qb7 37. h4 Kg8 38. h5 Nf6 39. hxg6 Nxg6 40. g5 hxg5 41. Nxg5 Nd5 42. Nxe6 fxe6 43. Qxg6 Qf7 44. Qxe6 Qxe6 45. Rxe6 Nxc3 46. Bxc3 Rxc3 47. Bh7+ Kxh7 48. Rxc3 1-0